| 000 | 00641nam a2200205 a 4500 | ||
|---|---|---|---|
| 001 | 000016095 | ||
| 003 | DO-SdBNP | ||
| 005 | 20250616140244.0 | ||
| 008 | 100225s1975 sp abc 000 0 spa d | ||
| 040 |
_aDO-SdBNP _bspa _cBNPHU |
||
| 041 | 1 | 7 |
_aspa _2eng |
| 082 | 4 |
_a917.293 _bS273d _222 |
|
| 110 | 2 |
_aBanco Central de la República Dominicana _983405 |
|
| 245 | 1 | 0 | _aSanto Domingo. |
| 260 |
_aBarcelona : _bSirvensae, _c1975. |
||
| 300 |
_a109 p. : _bil. ; map. ; _c22 cm. |
||
| 651 | 4 |
_aRepública Dominicana _xDescripciones Y Viajes _91651 |
|
| 710 | 1 |
_aRepública Dominicana. _bDirección Nacional de Turismo. _936081 |
|
| 942 |
_2ddc _cLBS1 |
||
| 999 |
_c15636 _d15636 |
||